[Event "PokerStars Masters 2nd"]
[Site "Douglas"]
[Date "2015.10.03"]
[Round "1.5"]
[White "Naiditsch, Arkadij"]
[Black "Koop, Thorben"]
[Result "1-0"]
[WhiteElo "2682"]
[BlackElo "2407"]
[PlyCount "67"]
[EventDate "2015.10.03"]
[EventType "swiss"]
[EventRounds "9"]
[EventCountry "IOM"]
[SourceTitle "twic1065-1099"]
[Source "Mark Crowther"]
[SourceDate "2015.12.04"]
[SourceVersion "1"]
[SourceVersionDate "2015.12.04"]
[SourceQuality "1"]

1. e4 c5 2. Nf3 Nc6 3. Bb5 d6 4. O-O Bd7 5. Re1 Nf6 6. c3 a6 7. Bf1 Bg4 8. h3
Bxf3 9. Qxf3 g6 10. d3 Bg7 11. Be3 O-O 12. Nd2 Nd7 13. Qd1 Qb6 14. Rc1 Rac8 15.
b4 Qd8 16. a3 e6 17. Nb3 Qe7 18. d4 cxd4 19. cxd4 d5 20. e5 b5 21. Qd2 Nb6 22.
Bg5 Qa7 23. Nc5 Rfe8 24. Qf4 Nc4 25. Rc3 a5 26. Rb3 axb4 27. axb4 Qc7 28. Rbb1
h6 29. Bxh6 Bxh6 30. Qxh6 Nxd4 31. Rbd1 Nc2 32. Re2 Nxb4 33. Rd4 Qe7 34. Nd7
1-0

[Event "PokerStars Masters 2nd"]
[Site "Douglas"]
[Date "2015.10.03"]
[Round "1.6"]
[White "Eggleston, David"]
[Black "Short, Nigel D"]
[Result "0-1"]
[WhiteElo "2404"]
[BlackElo "2678"]
[PlyCount "72"]
[EventDate "2015.10.03"]
[EventType "swiss"]
[EventRounds "9"]
[EventCountry "IOM"]
[SourceTitle "twic1065-1099"]
[Source "Mark Crowther"]
[SourceDate "2015.12.04"]
[SourceVersion "1"]
[SourceVersionDate "2015.12.04"]
[SourceQuality "1"]

1. e4 c5 2. Nf3 e6 3. d4 cxd4 4. Nxd4 a6 5. Nc3 d6 6. g4 b5 7. Bg2 Bb7 8. O-O
Nd7 9. f4 Rc8 10. a3 h6 11. Qe2 Be7 12. Be3 g5 13. f5 e5 14. f6 Ngxf6 15. Nf5
Rc4 16. Rf2 Qc7 17. Raf1 Rh7 18. Bd2 Bd8 19. Ne3 Rxc3 20. Bxc3 Nxe4 21. Nd5
Bxd5 22. Bxe4 Bc4 23. Bd3 Qc6 24. Bxc4 bxc4 25. Rf3 Bb6+ 26. Kh1 f5 27. Qg2 f4
28. h4 h5 29. Be1 Nf6 30. gxh5 g4 31. Rxf4 Qxg2+ 32. Kxg2 exf4 33. Rxf4 Nd5 34.
Re4+ Re7 35. Rxe7+ Kxe7 36. Bd2 Bd4 0-1

[Event "PokerStars Masters 2nd"]
[Site "Douglas"]
[Date "2015.10.03"]
[Round "1.7"]
[White "Sargissian, Gabriel"]
[Black "Houska, Jovanka"]
[Result "1-0"]
[WhiteElo "2679"]
[BlackElo "2372"]
[PlyCount "69"]
[EventDate "2015.10.03"]
[EventType "swiss"]
[EventRounds "9"]
[EventCountry "IOM"]
[SourceTitle "twic1065-1099"]
[Source "Mark Crowther"]
[SourceDate "2015.12.04"]
[SourceVersion "1"]
[SourceVersionDate "2015.12.04"]
[SourceQuality "1"]

1. c4 e6 2. g3 Nf6 3. Bg2 d5 4. Nf3 dxc4 5. Qa4+ c6 6. Qxc4 b5 7. Qb3 Bb7 8. d4
Be7 9. O-O O-O 10. Rd1 Nbd7 11. Ne5 Nxe5 12. dxe5 Nd7 13. Nc3 Qc7 14. Bf4 Rfd8
15. Qc2 Qb6 16. Ne4 c5 17. Bg5 Bxg5 18. Nxg5 Nf8 19. Bxb7 Qxb7 20. Qxc5 h6 21.
Nf3 Rac8 22. Qe3 Rxd1+ 23. Rxd1 Nd7 24. Ne1 Nb6 25. Qf3 Qe7 26. Nd3 Qd7 27. h4
Rc2 28. h5 Qc7 29. Kg2 a5 30. Nf4 Nc8 31. Rd4 Ne7 32. Qd3 Kh8 33. Rd7 Qc6+ 34.
f3 Qc5 35. Rxe7 1-0

[Event "PokerStars Masters 2nd"]
[Site "Douglas"]
[Date "2015.10.03"]
[Round "1.8"]
[White "Gara, Ticia"]
[Black "Granda Zuniga, Julio E"]
[Result "0-1"]
[WhiteElo "2370"]
[BlackElo "2667"]
[PlyCount "182"]
[EventDate "2015.10.03"]
[EventType "swiss"]
[EventRounds "9"]
[EventCountry "IOM"]
[SourceTitle "twic1065-1099"]
[Source "Mark Crowther"]
[SourceDate "2015.12.04"]
[SourceVersion "1"]
[SourceVersionDate "2015.12.04"]
[SourceQuality "1"]

1. e4 c5 2. Nf3 e6 3. d4 cxd4 4. Nxd4 a6 5. c4 Nf6 6. Nc3 Qc7 7. a3 b6 8. Be2
Bb7 9. f3 Nc6 10. Be3 Ne5 11. Rc1 Ng6 12. Qd2 d6 13. O-O Be7 14. b4 O-O 15. Rc2
Rac8 16. Rb1 Qb8 17. Na4 Bd8 18. Kh1 Ne5 19. c5 b5 20. Nb6 Bxb6 21. cxb6 d5 22.
exd5 Nxd5 23. Rxc8 Rxc8 24. Nb3 Nd7 25. Bf2 N7xb6 26. Nc5 Re8 27. Bd3 Bc8 28.
Bg3 Qa7 29. Re1 Qe7 30. Qe2 Qg5 31. Ne4 Qh6 32. Nd6 Rf8 33. Qc2 Bd7 34. Re4 g6
35. Be5 Nc8 36. Re1 Nxd6 37. Bxd6 Rc8 38. Bc5 Qg7 39. Be4 Bc6 40. Bxd5 Bxd5 41.
Qd2 g5 42. Bd4 f6 43. Rc1 Bc4 44. Bc5 Qc7 45. Rd1 Bd5 46. Qd4 Kg7 47. h4 h6 48.
Qg4 Rg8 49. Be3 Kg6 50. Rc1 Qb7 51. Qg3 e5 52. Rd1 Rc8 53. Bc5 Re8 54. Qf2 e4
55. Re1 Re5 56. fxe4 Bxe4 57. Kg1 Qd5 58. Rf1 Rf5 59. Qg3 Rxf1+ 60. Kxf1 Qd1+
61. Kf2 Bd3 62. hxg5 hxg5 63. Qf3 Qc2+ 64. Kg3 Be4 65. Qf2 Qd3+ 66. Qe3 Qd5 67.
Qe2 f5 68. Kh2 Qe5+ 69. Kg1 Qa1+ 70. Kh2 Qxa3 71. Qd2 f4 72. Bf2 Qb3 73. Qd6+
Kh5 74. Qd4 Qe6 75. Qh8+ Kg6 76. Bd4 Qf7 77. Qe5 Bb7 78. Qd6+ Kh5 79. Qf6 Qxf6
80. Bxf6 a5 81. bxa5 b4 82. Kg1 g4 83. Be5 b3 84. Kf2 g3+ 85. Kf1 Kg4 86. Bb2
f3 87. gxf3+ Kxf3 88. Bc1 g2+ 89. Kg1 Ke2 90. a6 Ba8 91. a7 Kd1 0-1

[Event "PokerStars Masters 2nd"]
[Site "Douglas"]
[Date "2015.10.03"]
[Round "1.9"]
[White "Movsesian, Sergei"]
[Black "Shvayger, Yuliya"]
[Result "1-0"]
[WhiteElo "2658"]
[BlackElo "2368"]
[PlyCount "111"]
[EventDate "2015.10.03"]
[EventType "swiss"]
[EventRounds "9"]
[EventCountry "IOM"]
[SourceTitle "twic1065-1099"]
[Source "Mark Crowther"]
[SourceDate "2015.12.04"]
[SourceVersion "1"]
[SourceVersionDate "2015.12.04"]
[SourceQuality "1"]

1. e4 c5 2. Nf3 Nc6 3. d4 cxd4 4. Nxd4 Qb6 5. Nb3 Nf6 6. Bd3 e6 7. O-O a6 8. a4
Qc7 9. a5 Be7 10. Be3 d5 11. Nc3 O-O 12. Bb6 Qf4 13. Ra4 Bd7 14. Nc5 Bxc5 15.
Bxc5 Ne5 16. Rb4 Nfg4 17. g3 Qh6 18. h4 Rfc8 19. Be7 f6 20. Be2 Qg6 21. exd5
Ne3 22. h5 Nxd1 23. hxg6 Nxc3 24. bxc3 exd5 25. gxh7+ Kxh7 26. Rxb7 Rxc3 27. f4
Bc8 28. Rb6 Ng6 29. Bb4 Rxg3+ 30. Kf2 Rh3 31. Bd3 Bg4 32. Rg1 Bh5 33. Rg3 Rh4
34. Bd2 Re8 35. Rxa6 f5 36. Rg5 Rh2+ 37. Rg2 Rxg2+ 38. Kxg2 Be2 39. Kf2 Bxd3
40. cxd3 Rc8 41. Rd6 Rc2 42. Ke1 Ra2 43. Rxd5 Nh4 44. Kd1 Kg6 45. Rd7 Kh6 46.
Kc1 Nf3 47. Bc3 g5 48. Kb1 Re2 49. fxg5+ Kxg5 50. a6 Re6 51. a7 Ra6 52. Kb2 Kf4
53. Kb3 Ke3 54. Kb4 Ra2 55. Kb5 Nd2 56. Ba5 1-0

[Event "PokerStars Masters 2nd"]
[Site "Douglas"]
[Date "2015.10.03"]
[Round "1.10"]
[White "Jackson, James P"]
[Black "Fridman, Daniel"]
[Result "1/2-1/2"]
[WhiteElo "2368"]
[BlackElo "2649"]
[PlyCount "50"]
[EventDate "2015.10.03"]
[EventType "swiss"]
[EventRounds "9"]
[EventCountry "IOM"]
[SourceTitle "twic1065-1099"]
[Source "Mark Crowther"]
[SourceDate "2015.12.04"]
[SourceVersion "1"]
[SourceVersionDate "2015.12.04"]
[SourceQuality "1"]

1. e4 e6 2. d4 d5 3. e5 c5 4. c3 Nc6 5. Nf3 Qb6 6. a3 Nh6 7. b4 cxd4 8. cxd4
Nf5 9. Bb2 Bd7 10. g4 Nfe7 11. Nc3 Na5 12. Qc2 Nc4 13. Bxc4 dxc4 14. Ne4 Nd5
15. Nfd2 c3 16. Nxc3 Nxc3 17. Qxc3 Rc8 18. Qe3 Rc2 19. O-O Qd8 20. Rfc1 Rxc1+
21. Rxc1 Bc6 22. Ne4 Be7 23. b5 Bd5 24. Nd6+ Bxd6 25. exd6 O-O 1/2-1/2

[Event "PokerStars Masters 2nd"]
[Site "Douglas"]
[Date "2015.10.03"]
[Round "1.11"]
[White "Grandelius, Nils"]
[Black "Arakhamia-Grant, Ketevan"]
[Result "1-0"]
[WhiteElo "2647"]
[BlackElo "2363"]
[PlyCount "94"]
[EventDate "2015.10.03"]
[EventType "swiss"]
[EventRounds "9"]
[EventCountry "IOM"]
[SourceTitle "twic1065-1099"]
[Source "Mark Crowther"]
[SourceDate "2015.12.04"]
[SourceVersion "1"]
[SourceVersionDate "2015.12.04"]
[SourceQuality "1"]

1. e4 d6 2. d4 Nf6 3. Nc3 e5 4. Nf3 Nbd7 5. Bc4 Be7 6. O-O O-O 7. a4 c6 8. a5
Nxe4 9. Nxe4 d5 10. a6 exd4 11. Nxd4 dxe4 12. axb7 Bxb7 13. Nf5 Ne5 14. Bb3 Bc5
15. Qh5 Qf6 16. Ng3 Bb6 17. Nxe4 Qg6 18. Qxg6 Nxg6 19. Nd6 Bc8 20. Re1 Be6 21.
Bxe6 fxe6 22. Be3 Ne7 23. h3 Nf5 24. Bxb6 axb6 25. Rad1 Rfd8 26. Nc4 b5 27. Ne5
Ne7 28. g3 Rd5 29. Nd3 Kf7 30. Re4 Nf5 31. Rde1 Nd4 32. Rf4+ Kg8 33. Nb4 Rd6
34. Re5 Rf8 35. Rxf8+ Kxf8 36. Rc5 Ke8 37. c3 Nf3+ 38. Kg2 Ne1+ 39. Kf1 Nd3 40.
Nxd3 Rxd3 41. Rxc6 Ke7 42. Rc5 b4 43. Ke2 Rd7 44. cxb4 Rd4 45. Rb5 Kd6 46. Ke3
Rc4 47. Rb7 g5 1-0

[Event "PokerStars Masters 2nd"]
[Site "Douglas"]
[Date "2015.10.03"]
[Round "1.12"]
[White "Ansell, Simon"]
[Black "Kuzubov, Yuriy"]
[Result "0-1"]
[WhiteElo "2360"]
[BlackElo "2641"]
[PlyCount "83"]
[EventDate "2015.10.03"]
[EventType "swiss"]
[EventRounds "9"]
[EventCountry "IOM"]
[SourceTitle "twic1065-1099"]
[Source "Mark Crowther"]
[SourceDate "2015.12.04"]
[SourceVersion "1"]
[SourceVersionDate "2015.12.04"]
[SourceQuality "1"]

1. c4 g6 2. Nc3 Bg7 3. g3 e5 4. Bg2 f5 5. e3 Nf6 6. Nge2 O-O 7. O-O Nc6 8. d3
d6 9. Rb1 a5 10. a3 g5 11. f4 gxf4 12. exf4 Kh8 13. Nd5 Nxd5 14. cxd5 Ne7 15.
b4 axb4 16. Rxb4 Ra5 17. Qb3 c6 18. dxc6 Nxc6 19. Rb5 Re8 20. Rxa5 Qxa5 21. Qf7
Rf8 22. Qd5 Qb6+ 23. Kh1 Ne7 24. Qa2 Bd7 25. Qb2 Qb5 26. Re1 Ng6 27. Qb4 Qxd3
28. Qxb7 Bc8 29. Qb6 Ba6 30. Bb2 Rc8 31. fxe5 Qd2 32. Qb4 Qxb4 33. axb4 Rc2 34.
b5 Bxb5 35. Nd4 Rxb2 36. Nxb5 Rxb5 37. exd6 Bf6 38. Bh3 Rd5 39. Rf1 f4 40. d7
Bg5 41. Bg4 fxg3 42. Rd1 0-1

[Event "PokerStars Masters 2nd"]
[Site "Douglas"]
[Date "2015.10.03"]
[Round "1.13"]
[White "Jones, Gawain C"]
[Black "Berry, Neil"]
[Result "1-0"]
[WhiteElo "2623"]
[BlackElo "2355"]
[PlyCount "79"]
[EventDate "2015.10.03"]
[EventType "swiss"]
[EventRounds "9"]
[EventCountry "IOM"]
[SourceTitle "twic1065-1099"]
[Source "Mark Crowther"]
[SourceDate "2015.12.04"]
[SourceVersion "1"]
[SourceVersionDate "2015.12.04"]
[SourceQuality "1"]

1. e4 e6 2. d4 d5 3. Nc3 Bb4 4. e5 c5 5. a3 Bxc3+ 6. bxc3 Ne7 7. Qg4 O-O 8. Bd3
Nbc6 9. Qh5 Ng6 10. Nf3 Qc7 11. Be3 c4 12. Bxg6 fxg6 13. Qg4 Qf7 14. Ng5 Qe8
15. h4 h6 16. Nh3 b5 17. Qe2 a5 18. g4 Ra7 19. h5 g5 20. f4 gxf4 21. Nxf4 Rff7
22. O-O b4 23. axb4 axb4 24. Rxa7 Rxa7 25. cxb4 Nxb4 26. c3 Nc6 27. Bf2 Rf7 28.
Bh4 Qf8 29. Qe3 Qa3 30. Qd2 Bd7 31. Rf2 Qa1+ 32. Kh2 Qb1 33. Bg3 Rf8 34. Ng6
Rxf2+ 35. Qxf2 Qb8 36. g5 hxg5 37. h6 Qe8 38. Qf8+ Qxf8 39. h7+ Kxh7 40. Nxf8+
1-0

[Event "PokerStars Masters 2nd"]
[Site "Douglas"]
[Date "2015.10.03"]
[Round "1.14"]
[White "Ciuksyte, Dagne"]
[Black "Tiviakov, Sergei"]
[Result "0-1"]
[WhiteElo "2354"]
[BlackElo "2612"]
[PlyCount "76"]
[EventDate "2015.10.03"]
[EventType "swiss"]
[EventRounds "9"]
[EventCountry "IOM"]
[SourceTitle "twic1065-1099"]
[Source "Mark Crowther"]
[SourceDate "2015.12.04"]
[SourceVersion "1"]
[SourceVersionDate "2015.12.04"]
[SourceQuality "1"]

1. e4 d5 2. exd5 Qxd5 3. Nc3 Qd6 4. d4 Nf6 5. Nf3 g6 6. Bc4 Bg7 7. O-O O-O 8.
Bg5 a6 9. Ne5 Nc6 10. Nxc6 Qxc6 11. Bb3 Bg4 12. Qd2 Rad8 13. Rfe1 Rfe8 14. h3
Bf5 15. d5 Qb6 16. Na4 Qa7 17. Be3 Qa8 18. c4 b5 19. Nc5 bxc4 20. Bxc4 Nxd5 21.
Nxa6 Nb6 22. Qb4 Nxc4 23. Nxc7 Nxe3 24. Rxe3 Rb8 25. Qe1 Qa7 26. Nxe8 Rxe8 27.
Ra3 Qd7 28. Rd1 Qc7 29. b4 Rb8 30. Re3 Bf6 31. a3 h5 32. Qe2 h4 33. Rd5 e6 34.
Rc5 Qd6 35. Rc4 Bd4 36. Rb3 e5 37. Rc1 Qd5 38. Qd1 Be4 0-1

[Event "PokerStars Masters 2nd"]
[Site "Douglas"]
[Date "2015.10.03"]
[Round "1.15"]
[White "Sengupta, Deep"]
[Black "Vuilleumier, Alexandre"]
[Result "1-0"]
[WhiteElo "2580"]
[BlackElo "2345"]
[PlyCount "45"]
[EventDate "2015.10.03"]
[EventType "swiss"]
[EventRounds "9"]
[EventCountry "IOM"]
[SourceTitle "twic1065-1099"]
[Source "Mark Crowther"]
[SourceDate "2015.12.04"]
[SourceVersion "1"]
[SourceVersionDate "2015.12.04"]
[SourceQuality "1"]

1. e4 c5 2. Nf3 d6 3. d4 Nf6 4. Nc3 cxd4 5. Nxd4 g6 6. Be3 Bg7 7. f3 O-O 8. Bc4
Nc6 9. Qd2 Bd7 10. Bb3 Ne5 11. O-O-O Rc8 12. Kb1 Nc4 13. Bxc4 Rxc4 14. h4 h5
15. b3 Rc8 16. Bg5 Re8 17. Nde2 Bc6 18. Bh6 Qa5 19. Bxg7 Kxg7 20. Kb2 b5 21. a3
Qb6 22. Nd4 e5 23. Nf5+ 1-0

[Event "PokerStars Masters 2nd"]
[Site "Douglas"]
[Date "2015.10.03"]
[Round "1.16"]
[White "Mannion, Stephen R"]
[Black "Donchenko, Alexander"]
[Result "0-1"]
[WhiteElo "2344"]
[BlackElo "2577"]
[PlyCount "98"]
[EventDate "2015.10.03"]
[EventType "swiss"]
[EventRounds "9"]
[EventCountry "IOM"]
[SourceTitle "twic1065-1099"]
[Source "Mark Crowther"]
[SourceDate "2015.12.04"]
[SourceVersion "1"]
[SourceVersionDate "2015.12.04"]
[SourceQuality "1"]

1. e4 c5 2. Nf3 d6 3. d4 cxd4 4. Nxd4 Nf6 5. Nc3 a6 6. f4 e5 7. Nf3 Nbd7 8. Bd3
Be7 9. O-O O-O 10. Kh1 b5 11. a3 Re8 12. Nh4 Nc5 13. fxe5 dxe5 14. Nf5 Bxf5 15.
Rxf5 Ncxe4 16. Nxe4 Nxe4 17. Qe2 Nc5 18. Rxe5 Bf6 19. Re3 Nxd3 20. cxd3 Rxe3
21. Bxe3 Qe7 22. Qf2 Bxb2 23. Bc5 Qc7 24. Re1 Bf6 25. d4 Qc6 26. h3 h5 27. Qf5
Rd8 28. Re4 g6 29. Qf3 Kg7 30. Qe3 Qd5 31. Qf3 Qc6 32. Qe2 a5 33. Rf4 Re8 34.
Qf1 Re6 35. Kh2 Qe8 36. Rf3 Bg5 37. d5 Re4 38. Bd6 Qd7 39. Bg3 Qxd5 40. Qa1+
Kg8 41. Qc3 h4 42. Bb8 b4 43. axb4 axb4 44. Qc8+ Kg7 45. Qc2 Bf6 46. Rd3 Qf5
47. Qd2 Be5+ 48. Bxe5+ Qxe5+ 49. Kg1 Re2 0-1

[Event "PokerStars Masters 2nd"]
[Site "Douglas"]
[Date "2015.10.03"]
[Round "1.18"]
[White "Zozulia, Anna"]
[Black "Brunello, Sabino"]
[Result "0-1"]
[WhiteElo "2335"]
[BlackElo "2553"]
[PlyCount "84"]
[EventDate "2015.10.03"]
[EventType "swiss"]
[EventRounds "9"]
[EventCountry "IOM"]
[SourceTitle "twic1065-1099"]
[Source "Mark Crowther"]
[SourceDate "2015.12.04"]
[SourceVersion "1"]
[SourceVersionDate "2015.12.04"]
[SourceQuality "1"]

1. e4 c5 2. Nf3 e6 3. d4 cxd4 4. Nxd4 Nc6 5. Nc3 Qc7 6. Be2 a6 7. O-O Nf6 8. a3
Be7 9. Kh1 O-O 10. f4 d6 11. Be3 Re8 12. Nb3 b5 13. Bf3 Rb8 14. Qd2 b4 15. axb4
Nxb4 16. Rf2 Bb7 17. Na5 Ba8 18. Qd4 d5 19. exd5 exd5 20. Nb3 Ne4 21. Bxe4 dxe4
22. Qa7 Qc8 23. Nc5 Bf8 24. Nb3 Rb7 25. Qd4 Rd8 26. Qe5 Nxc2 27. Rxc2 Rxb3 28.
Rac1 Qb7 29. f5 Rxb2 30. f6 Rxc2 31. Rxc2 g6 32. h3 h5 33. Bc5 Bh6 34. Be7 Rc8
35. Bc5 Qb3 36. Re2 Qc4 37. Bd4 Bc6 38. Bg1 Re8 39. Qc5 Qe6 40. Bd4 Bf8 41. Qb6
Qc4 42. Ra2 Re6 0-1

[Event "PokerStars Masters 2nd"]
[Site "Douglas"]
[Date "2015.10.03"]
[Round "1.19"]
[White "Van Foreest, Jorden"]
[Black "Merry, Alan B"]
[Result "1-0"]
[WhiteElo "2548"]
[BlackElo "2335"]
[PlyCount "125"]
[EventDate "2015.10.03"]
[EventType "swiss"]
[EventRounds "9"]
[EventCountry "IOM"]
[SourceTitle "twic1065-1099"]
[Source "Mark Crowther"]
[SourceDate "2015.12.04"]
[SourceVersion "1"]
[SourceVersionDate "2015.12.04"]
[SourceQuality "1"]

1. e4 d5 2. exd5 Qxd5 3. Nc3 Qa5 4. d4 c6 5. Bc4 Bf5 6. Nf3 Nf6 7. Bd2 Nbd7 8.
Qe2 Qc7 9. O-O-O e6 10. Ne5 b5 11. Bb3 h5 12. h3 h4 13. Qf3 Nxe5 14. dxe5 Nd5
15. Kb1 a5 16. a4 Nxc3+ 17. Qxc3 Bb4 18. Qd4 Rd8 19. Qf4 Bxd2 20. Rxd2 Rxd2 21.
Qxd2 O-O 22. Qf4 bxa4 23. Bxa4 Rb8 24. Rd1 Qb6 25. b3 Qc5 26. Rd2 Rb4 27. Qg5
Bg6 28. Kb2 Re4 29. f3 Rxe5 30. Qd8+ Qf8 31. Bxc6 Qxd8 32. Rxd8+ Kh7 33. Rd2
Kh6 34. c3 Re1 35. c4 Kg5 36. Be4 Bxe4 37. fxe4 Rxe4 38. c5 Rb4 39. Ka3 Kf4 40.
c6 Rb8 41. c7 Rc8 42. Rd7 Kg3 43. Ka4 Kxg2 44. Kxa5 Kxh3 45. Kb6 f5 46. Kb7
Rxc7+ 47. Kxc7 f4 48. b4 f3 49. b5 f2 50. Rf7 Kg2 51. Rxg7+ Kf3 52. b6 Ke3 53.
Rf7 h3 54. b7 h2 55. b8=Q h1=Q 56. Qb6+ Kd3 57. Qxf2 Qc1+ 58. Kd7 e5 59. Rf3+
Kc4 60. Qe2+ Kb4 61. Qxe5 Qc2 62. Rf4+ Ka3 63. Qa1+ 1-0

[Event "PokerStars Masters 2nd"]
[Site "Douglas"]
[Date "2015.10.03"]
[Round "1.20"]
[White "Duncan, Christopher R"]
[Black "Rambaldi, Francesco"]
[Result "0-1"]
[WhiteElo "2334"]
[BlackElo "2547"]
[PlyCount "70"]
[EventDate "2015.10.03"]
[EventType "swiss"]
[EventRounds "9"]
[EventCountry "IOM"]
[SourceTitle "twic1065-1099"]
[Source "Mark Crowther"]
[SourceDate "2015.12.04"]
[SourceVersion "1"]
[SourceVersionDate "2015.12.04"]
[SourceQuality "1"]

1. Nf3 g6 2. c4 Bg7 3. Nc3 c5 4. g3 Nc6 5. Bg2 d6 6. d3 e6 7. O-O Nge7 8. Rb1
b6 9. a3 Bb7 10. Bd2 Qd7 11. b4 Rd8 12. Qc1 h6 13. Re1 g5 14. h4 g4 15. Nh2 h5
16. Nf1 Ng6 17. Ne3 f5 18. Nc2 O-O 19. a4 f4 20. bxc5 dxc5 21. Ne4 f3 22. exf3
Nce5 23. Bh6 Qxd3 24. Bxg7 Kxg7 25. Ng5 Nxf3+ 26. Nxf3 Bxf3 27. Bf1 Qf5 28. Ne3
Qf6 29. Qc2 Ne5 30. Ng2 Bc6 31. Rxe5 Qxe5 32. Nf4 Rxf4 33. gxf4 Qxf4 34. Qc3+
Qd4 35. Qg3 Qe4 0-1

[Event "PokerStars Masters 2nd"]
[Site "Douglas"]
[Date "2015.10.03"]
[Round "1.21"]
[White "Hillarp Persson, Tiger"]
[Black "Mertens, Heiko"]
[Result "1-0"]
[WhiteElo "2546"]
[BlackElo "2309"]
[PlyCount "45"]
[EventDate "2015.10.03"]
[EventType "swiss"]
[EventRounds "9"]
[EventCountry "IOM"]
[SourceTitle "twic1065-1099"]
[Source "Mark Crowther"]
[SourceDate "2015.12.04"]
[SourceVersion "1"]
[SourceVersionDate "2015.12.04"]
[SourceQuality "1"]

1. d4 Nf6 2. c4 e6 3. Nc3 Bb4 4. e3 O-O 5. Bd3 d5 6. Nf3 b6 7. O-O Bb7 8. a3
Be7 9. cxd5 exd5 10. b4 Nbd7 11. Qb3 Re8 12. b5 Bd6 13. a4 Ne4 14. Ba3 Ndf6 15.
Rac1 Re6 16. Rc2 Ng4 17. h3 Ng5 18. Bxd6 Nxf3+ 19. gxf3 Ne5 20. Bxe5 Qh4 21.
Kg2 Bc8 22. Bg3 Rg6 23. Rh1 1-0

[Event "PokerStars Masters 2nd"]
[Site "Douglas"]
[Date "2015.10.03"]
[Round "1.22"]
[White "Klein, Felix"]
[Black "Boruchovsky, Avital"]
[Result "1/2-1/2"]
[WhiteElo "2306"]
[BlackElo "2536"]
[PlyCount "84"]
[EventDate "2015.10.03"]
[EventType "swiss"]
[EventRounds "9"]
[EventCountry "IOM"]
[SourceTitle "twic1065-1099"]
[Source "Mark Crowther"]
[SourceDate "2015.12.04"]
[SourceVersion "1"]
[SourceVersionDate "2015.12.04"]
[SourceQuality "1"]

1. e4 e5 2. Nf3 Nc6 3. Bb5 a6 4. Ba4 Nf6 5. O-O b5 6. Bb3 Bb7 7. d3 Be7 8. Nbd2
O-O 9. Re1 d6 10. c3 d5 11. exd5 Nxd5 12. Nxe5 Nxe5 13. Rxe5 Bf6 14. Re1 b4 15.
cxb4 Nxb4 16. Ne4 Bd4 17. Bc4 Nd5 18. Bd2 Qd7 19. Rc1 Kh8 20. Qh5 Nf6 21. Nxf6
gxf6 22. Be3 Rg8 23. g3 Bxb2 24. Rb1 Qc6 25. Bd5 Qxd5 26. Qxd5 Bxd5 27. Rxb2
Rab8 28. Reb1 Rxb2 29. Rxb2 Re8 30. a3 Kg7 31. Kf1 Bf3 32. Ke1 Rd8 33. Kd2 Bc6
34. Rc2 Bb5 35. Rc3 c6 36. Kc2 Kg6 37. Kd2 Rd5 38. d4 Kf5 39. Rc5 Ke4 40. Rxd5
cxd5 41. Kc3 a5 42. h4 h5 1/2-1/2

[Event "PokerStars Masters 2nd"]
[Site "Douglas"]
[Date "2015.10.03"]
[Round "1.23"]
[White "Greenfeld, Alon"]
[Black "Zisman, Philip"]
[Result "1-0"]
[WhiteElo "2534"]
[BlackElo "2305"]
[PlyCount "45"]
[EventDate "2015.10.03"]
[EventType "swiss"]
[EventRounds "9"]
[EventCountry "IOM"]
[SourceTitle "twic1065-1099"]
[Source "Mark Crowther"]
[SourceDate "2015.12.04"]
[SourceVersion "1"]
[SourceVersionDate "2015.12.04"]
[SourceQuality "1"]

1. d4 d5 2. c4 e5 3. dxe5 d4 4. Nf3 Nc6 5. g3 Nge7 6. Bg2 Ng6 7. Bg5 Qd7 8. e6
fxe6 9. O-O h6 10. Bc1 e5 11. Nfd2 Qf7 12. Qb3 Nd8 13. Ne4 Be6 14. Na3 Bxa3 15.
Qxa3 Bxc4 16. Bd2 Bxe2 17. Rfe1 Bb5 18. f4 Bc6 19. Rac1 a5 20. fxe5 Ne6 21.
Rxc6 bxc6 22. Nd6+ cxd6 23. Bxc6+ 1-0

[Event "PokerStars Masters 2nd"]
[Site "Douglas"]
[Date "2015.10.03"]
[Round "1.25"]
[White "Efroimski, Marsel"]
[Black "Vaisser, Anatoli"]
[Result "1/2-1/2"]
[WhiteElo "2255"]
[BlackElo "2515"]
[PlyCount "63"]
[EventDate "2015.10.03"]
[EventType "swiss"]
[EventRounds "9"]
[EventCountry "IOM"]
[SourceTitle "twic1065-1099"]
[Source "Mark Crowther"]
[SourceDate "2015.12.04"]
[SourceVersion "1"]
[SourceVersionDate "2015.12.04"]
[SourceQuality "1"]

1. e4 e6 2. d4 d5 3. Nd2 c5 4. Ngf3 cxd4 5. Nxd4 Nc6 6. Bb5 Bd7 7. Nxc6 Bxc6 8.
Bxc6+ bxc6 9. c4 Nf6 10. Qa4 Qc7 11. cxd5 exd5 12. O-O Be7 13. exd5 Nxd5 14.
Nf3 O-O 15. Bg5 Bxg5 16. Nxg5 Qe5 17. Nf3 Qxb2 18. Qxc6 Nc3 19. Qc5 Rfc8 20.
Qh5 h6 21. Nd4 Rc7 22. Nf5 Ne2+ 23. Kh1 Nc1 24. Ne7+ Rxe7 25. Raxc1 Qxa2 26.
Ra1 Qb2 27. Qc5 Re5 28. Qc6 Rae8 29. h3 a5 30. Rxa5 Re1 31. Ra1 R1e2 32. Ra8
1/2-1/2

[Event "PokerStars Masters 2nd"]
[Site "Douglas"]
[Date "2015.10.03"]
[Round "1.26"]
[White "Arkell, Keith C"]
[Black "House, Glenn L"]
[Result "1-0"]
[WhiteElo "2505"]
[BlackElo "2229"]
[PlyCount "84"]
[EventDate "2015.10.03"]
[EventType "swiss"]
[EventRounds "9"]
[EventCountry "IOM"]
[SourceTitle "twic1065-1099"]
[Source "Mark Crowther"]
[SourceDate "2015.12.04"]
[SourceVersion "1"]
[SourceVersionDate "2015.12.04"]
[SourceQuality "1"]

1. d4 Nf6 2. Nf3 e6 3. c3 Be7 4. Bg5 b6 5. Nbd2 O-O 6. e4 d5 7. e5 Ne4 8. Bxe7
Qxe7 9. Bd3 Nxd2 10. Qxd2 Ba6 11. Bxa6 Nxa6 12. Qd3 Nb8 13. O-O c5 14. dxc5
bxc5 15. c4 d4 16. Rfe1 Nc6 17. Qe4 Rac8 18. Rad1 Rc7 19. h4 h6 20. Qg4 a5 21.
Re4 Rb8 22. b3 a4 23. Nd2 Nb4 24. Qg3 Nxa2 25. Rg4 Nc3 26. Rxg7+ Kh8 27. Re1
axb3 28. Rg4 b2 29. Nb1 Nxb1 30. Rxb1 Qf8 31. Qa3 Rcb7 32. Rg3 Qe7 33. Qd3 Qf8
34. Qd2 Kh7 35. Rf3 Qg7 36. Rf6 Rb4 37. Qf4 R8b7 38. Kh2 Rb3 39. g4 Rd7 40. g5
h5 41. Qe4+ Kg8 42. g6 Rb8 1-0

[Event "PokerStars Masters 2nd"]
[Site "Douglas"]
[Date "2015.10.03"]
[Round "1.27"]
[White "Gormally, Daniel"]
[Black "Grant, Jonathan"]
[Result "1-0"]
[WhiteElo "2500"]
[BlackElo "2225"]
[PlyCount "95"]
[EventDate "2015.10.03"]
[EventType "swiss"]
[EventRounds "9"]
[EventCountry "IOM"]
[SourceTitle "twic1065-1099"]
[Source "Mark Crowther"]
[SourceDate "2015.12.04"]
[SourceVersion "1"]
[SourceVersionDate "2015.12.04"]
[SourceQuality "1"]

1. d4 Nf6 2. c4 e6 3. Nf3 d5 4. Nc3 Nbd7 5. Bg5 h6 6. Bh4 Be7 7. e3 Ne4 8. Bg3
Nxg3 9. hxg3 c6 10. Bd3 dxc4 11. Bxc4 b5 12. Bb3 Bb7 13. O-O O-O 14. Qe2 a6 15.
Rfd1 Rc8 16. Rac1 Qb6 17. Bc2 Rfd8 18. Bb1 c5 19. d5 Nf6 20. dxe6 Qxe6 21. Nh4
g6 22. Qc2 Ng4 23. Nf3 Bf6 24. Qe2 Kg7 25. Nd2 c4 26. Nf3 b4 27. Rxd8 Rxd8 28.
Nd1 Bc6 29. a3 a5 30. axb4 axb4 31. Qe1 Be7 32. Nd2 Bxg2 33. Kxg2 Qd5+ 34. Nf3
Rb8 35. e4 Qb5 36. Ne3 h5 37. Qe2 Rc8 38. Nxg4 hxg4 39. Nh2 Bg5 40. Rd1 Qc5 41.
Rd5 Qe7 42. Qxg4 Rc5 43. Rd7 Qe8 44. Nf3 Bc1 45. e5 Kg8 46. e6 Qxe6 47. Rd8+
Kg7 48. Qd4+ 1-0